Recursos en psicoterapia: necesidades, disponibilidades y perspectivas
Guardat en:
| Autor principal: | |
|---|---|
| Format: | Llibre |
| Idioma: | espanyol |
| Publicat: |
Santiago
CPU
1991
|
| Col·lecció: | Documento de Trabajo, 39
|
| Matèries: | |
| Etiquetes: |
Afegir etiqueta
Sense etiquetes, Sigues el primer a etiquetar aquest registre!
|
MARC
| LEADER | 00000nam a2200000 a 4500 | ||
|---|---|---|---|
| 001 | UCL2821 | ||
| 003 | CL-VaPUC | ||
| 008 | 031107e19910000CL |||||||||||||||||spa|d | ||
| 082 | 0 | 4 | |a 616.8914 |b BEC |2 21 |
| 100 | 0 | |a Becker, David |e author |9 479943 | |
| 245 | 1 | 0 | |a Recursos en psicoterapia: necesidades, disponibilidades y perspectivas |
| 300 | |a 24 h | ||
| 942 | |c BK | ||
| 945 | |d 20031107 00:00:00 |a cmena | ||
| 260 | |a Santiago |b CPU |c 1991 | ||
| 650 | 7 | |a PSICOTERAPIA |2 CL-VaPUC |9 479944 | |
| 650 | 0 | |a Salud pública |9 258913 | |
| 650 | 0 | |a Psicología clínica |9 307259 | |
| 583 | |a last modification |c 20031107 00:00:00 |k Rodrigo Vera | ||
| 490 | 0 | |a Documento de Trabajo, 39 | |
| 999 | |c 306001 |d 305999 | ||
| 952 | |0 0 |1 0 |4 0 |6 616_891400000000000_BEC_1991 |7 0 |8 P |9 370634 |a BIBEDU |b BIBEDU |c BIBEDU_PB |d 2019-11-21 |i 3950220 |o 616.8914 BEC 1991 |p 3950220 |r 2024-01-25 |w 2019-11-21 |y BK |k BME | ||